000 01042nam a2200265 i 4500
001 185505
003 SpMaBN
005 20250918183948.0
008 160614s1966 sp |||| |dspa d
080 _a61(37)
100 1 _aCelso, Aulo Cornelio.
_9149017
245 1 4 _aLos ocho libros de la Medicina /
_ctraducción directa del latin, prólogo y notas por Agustin Blánquez.
260 _a[Barcelona] :
_bIberia,
_c[1966]
300 _a2 v. (XVIII, 218 p.; 281 p.) ;
_c18 cm.
490 1 _aObras maestras
504 _aBibliografía: p. XVII-XVIII.
505 8 _aContiene: ;
_tAurelio Cornelio Celso y sus ocho libros "De Medicina" /
_rAgustin Blánquez
650 0 7 _aMedicina griega y romana
_2embne
_914924
650 7 _aMedicina antigua
_2embne
_9159853
700 1 _aBlánquez Fraile, Agustín,
_d1883-1965
_929329
740 0 2 _aAurelio Cornelio Celso y sus ocho libros "De Medicina"
830 0 _aObras maestras
_9181001
852 _aES-MaACL
_jL-30393-94
_z. - Donat. Miguel A. Velasco
999 _c185505
_d185505